Introduction to Information Technology (Record no. 1472)

MARC details
000 -LEADER
fixed length control field 00450nam a22001697a 4500
005 - DATE AND TIME OF LATEST TRANSACTION
control field 20180201113839.0
008 - FIXED-LENGTH DATA ELEMENTS--GENERAL INFORMATION
fixed length control field 160523b xxu||||| |||| 00| 0 eng d
020 ## - INTERNATIONAL STANDARD BOOK NUMBER
ISBN 978-81-7758-118-8
041 ## - LANGUAGE CODE
Language code of text/sound track or separate title eng
082 ## - DEWEY DECIMAL CLASSIFICATION NUMBER
Item number 4423
Classification number 004
100 ## - MAIN ENTRY--AUTHOR NAME
Personal name ITL Education Solution Ltd
245 ## - TITLE STATEMENT
Title Introduction to Information Technology
260 ## - PUBLICATION, DISTRIBUTION, ETC. (IMPRINT)
Place of publication New Delhi
Name of publisher Academic Faundation
300 ## - PHYSICAL DESCRIPTION
Number of Pages 648
650 ## - SUBJECT ADDED ENTRY--TOPICAL TERM
Topical Term Information Technology
942 ## - ADDED ENTRY ELEMENTS (KOHA)
Koha item type Books
Holdings
Lost status Damaged status Collection code Home library Current library Shelving location Date acquired Source of acquisition Full call number Accession Number Koha item type
    CS/IT JRU Library JRU Library SHELF-48-D 23/05/2016 PURCHASE 004 4423 Books
    CS/IT JRU Library JRU Library SHELF-48-D 23/05/2016 PURCHASE 004 4424 Books
    CS/IT JRU Library JRU Library SHELF-48-D 23/05/2016 PURCHASE 004 4425 Books
    CS/IT JRU Library JRU Library SHELF-48-D 23/05/2016 PURCHASE 004 4426 Books
    CS/IT JRU Library JRU Library SHELF-48-D 23/05/2016 PURCHASE 004 4427 Books
    CS/IT JRU Library JRU Library SHELF-48-D 23/05/2016 PURCHASE 004 4428 Books
    CS/IT JRU Library JRU Library SHELF-48-D 23/05/2016 PURCHASE 004 4429 Books
    CS/IT JRU Library JRU Library SHELF-48-D 23/05/2016 PURCHASE 004 4430 Books
    CS/IT JRU Library JRU Library SHELF-48-D 23/05/2016 PURCHASE 004 4431 Books
    CS/IT JRU Library JRU Library SHELF-48-D 23/05/2016 PURCHASE 004 4432 Books